[Event "Cacoal Easter op"]
[Site "Cacoal"]
[Date "2022.04.17"]
[Round "6"]
[White "Amorim Filho, Robson Bezerra"]
[Black "De Oliveira, Gabriel Lemes"]
[Result "0-1"]
[WhiteElo "1211"]
[BlackElo "1764"]
[PlyCount "38"]
[EventDate "2022.04.15"]
[EventType "swiss"]
[EventRounds "6"]
[EventCountry "BRA"]
[SourceTitle "CBM 207 Extra"]
[Source "ChessBase"]
[SourceDate "2022.05.31"]
[SourceVersion "1"]
[SourceVersionDate "2022.05.31"]
[SourceQuality "1"]

1. e4 c6 2. d4 d5 3. Nc3 dxe4 4. Nxe4 Nf6 5. Ng3 e6 6. Nf3 Bd6 7. Bd3 h6 8. b3 Bb4+ 9. Bd2 Bxd2+ 10. Qxd2 0-0 11. Ne4 Nxe4 12. Bxe4 Nd7 13. g4 Nf6 14. Bd3 Qd5 15. Qf4 Re8 16. 0-0-0 Qa5 17. Kb1 Nd5 18. Qd2 Nc3+ 19. Kc1 Qa3# 0-1